| 000 | 00647nam a22002297a 4500 | ||
|---|---|---|---|
| 003 | UA-OsUOA | ||
| 001 | 98931 | ||
| 007 | ta | ||
| 008 | 20130422b un ||||| |||| 00| 0 ukr d | ||
| 100 | _aРоллан Р. | ||
| 090 |
_a821.133.1 _bР67 |
||
| 942 | _cBK | ||
| 040 |
_aUA-OsUOA _brus _cUA-OsUOA _dUA-OsUOA |
||
| 245 |
_aСобрание сочинений _b5 _cЖан-Кристоф |
||
| 300 | _a437 с. | ||
| 955 | _a2 | ||
| 041 | _arus | ||
| 080 | _a821.133.1 | ||
| 260 |
_aМ. _bХудожественная литература _c1956 |
||
| 650 | 7 |
_a82 Література. Літературознавство _2UDC |
|
| 999 |
_c384918 _d384918 |
||